[Event "Drammen Autumn"]
[Site "Drammen"]
[Date "2009.11.10"]
[Round "7"]
[White "Nass, Terje"]
[Black "Adam, Gyula"]
[Result "0-1"]
[WhiteElo "1238"]
[BlackElo "1503"]
[PlyCount "80"]
[EventDate "2009.09.08"]
[EventType "swiss"]
[EventRounds "9"]
[EventCountry "NOR"]
[SourceTitle "EXT 2024"]
[Source "ChessBase"]
[SourceDate "2023.10.10"]
[SourceVersion "1"]
[SourceVersionDate "2023.10.10"]
[SourceQuality "1"]

1. e4 e5 2. Bc4 Nf6 3. Nc3 d6 4. d3 Be7 5. Bg5 0-0 6. h3 b6 7. Qd2 Bb7 8. f4 exf4 9. Qxf4 Nbd7 10. g4 Nd5 11. Bxe7 Nxe7 12. Nf3 Ng6 13. Qg3 Nde5 14. Nxe5 Nxe5 15. Bb3 a6 16. Rf1 Bc8 17. Ne2 Be6 18. Nd4 Bxb3 19. Nxb3 Qg5 20. Rf5 Qe7 21. 0-0-0 a5 22. Nd2 Qe6 23. Kb1 c5 24. Nf3 Nxf3 25. Qxf3 b5 26. Rd5 b4 27. h4 a4 28. Qf5 Ra6 29. g5 g6 30. Qf3 Rb6 31. Rf1 Rc8 32. Qg3 c4 33. Rf6 Qe7 34. Rfxd6 cxd3 35. Qxd3 Rxd6 36. Rxd6 Re8 37. Rd4 h6 38. Qe3 f5 39. gxf6 Qxf6 40. Qe1 Qxd4 0-1

[Event "Drammen Autumn"]
[Site "Drammen"]
[Date "2009.10.06"]
[Round "4"]
[White "Adam, Gyula"]
[Black "Thjomoe, Hans Richard"]
[Result "0-1"]
[WhiteElo "1503"]
[BlackElo "1713"]
[PlyCount "60"]
[EventDate "2009.09.08"]
[EventType "swiss"]
[EventRounds "9"]
[EventCountry "NOR"]
[SourceTitle "EXT 2024"]
[Source "ChessBase"]
[SourceDate "2023.10.10"]
[SourceVersion "1"]
[SourceVersionDate "2023.10.10"]
[SourceQuality "1"]

1. d4 Nf6 2. c4 g6 3. Nc3 Bg7 4. e3 d5 5. f4 0-0 6. Nf3 c5 7. Bd3 cxd4 8. Nxd4 dxc4 9. Bxc4 Qc7 10. Bd3 a6 11. 0-0 Nc6 12. Nf3 Rd8 13. Qe2 Bg4 14. a3 e5 15. fxe5 Nxe5 16. Bb1 Rd7 17. Ba2 Rad8 18. h3 Nxf3+ 19. Rxf3 Bxf3 20. Qxf3 Qe5 21. e4 Rd3 22. Be3 Bh6 23. Re1 Bxe3+ 24. Rxe3 Qd4 25. Kf2 Rd2+ 26. Kf1 Qe5 27. Nd5 Rd6 28. g4 Rxb2 29. Bb3 Rb1+ 30. Ke2 Qb2+ 0-1